| 000 | 00635nam a22002057a 4500 | ||
|---|---|---|---|
| 003 | OSt | ||
| 005 | 20210426083835.0 | ||
| 008 | 210210s1969 ||||| |||| 00| 0 eng d | ||
| 040 |
_aeng _beng _cDLC |
||
| 041 | _aeng | ||
| 080 |
_a616.8 _bV-69 |
||
| 100 |
_9806 _aVinken, J., P. _eEditor |
||
| 245 |
_aHandbook of Clinical Neurology: Volume 3 _b: Disorders of Higher Nervous Activity _c/ by" John Wiley and Sons, Inc |
||
| 260 |
_aNew York _bJohn Wiley and Sons, Inc _c1969 |
||
| 300 |
_a443 p. _bill. |
||
| 650 | 0 |
_9100 _aNeurology |
|
| 653 | _aნევროლოგია | ||
| 700 |
_9807 _aBruyn, W., G. _eEditor |
||
| 942 |
_2udc _cBK |
||
| 999 |
_c1322 _d1322 |
||